00737nam a2200181 i 450000100060000000300090000600500170001500700030003200800410003510000320007624501510010826000510025930000340031070000400034485200320038499900170041695201220043378483ES-MaACL20230906173722.0t|041014s1961 sp ||||1| spa d1 aHarnwell, Gaylord P.96187110aPrincipios de Electricidad y Electromagnetismo / cGaylord P. Harnwell ; traducido de la segunda edición inglesa por Maximino Rodríguez Vidal. aMadrid : bSelecciones Científicas, c[1961] aXV, 718 p. : bil. ; c22 cm.1 aRodríguez Vidal, Maximino.998856 aES-MaACLjC-30476 bR.60767 c78483d78483 00104070aATENEOMbATENEOMcDEPO2d2008-01-17eSCl0oC-30476p1082091r2023-02-23 00:00:00w2023-02-23yMONOGRAFIA